000 00686nam a2200289Ia 4500
005 20260324114959.0
008 008 260324s9999 xx 000 0 eng d
020 _a9781003133001
037 _aEBOOK
040 _aCRL
040 _beng
040 _cCRL
041 _2eng
041 _aeng
084 _qCRL
100 _aJohn Varney
_91152903
245 0 _aLeadership as Meaning-Making
245 0 _bTake the Hero's Journey to Transformation
260 _bTaylor and Francis
260 _c2020
365 _a
365 _b230
856 _uhttp://www.taylorfrancis.com/books/9781003133001
942 _cEBOOK
999 _c1743427
_d1743427